000
00333nam a22001337a 4500
008
180215b xxu||||| |||| 00| 0 eng d
020
_a
621418001
041
_a
eng
080
_a
333.7
100
_a
52
101
_a
EKO
245
_a
Natural Systems for Development: What Planners Need to Know
_c
Carpenter, R.A
942
_2
udc
_c
BK
999
_c
42633
_d
42633